书目信息 |
| 题名: |
化工原理
|
|
| 作者: | 王志魁 主编 | |
| 分册: | ||
| 出版信息: | 北京 化学工业出版社 1998.10 |
|
| 页数: | 327页 | |
| 开本: | 26cm | |
| 丛书名: | ||
| 单 册: | ||
| 中图分类: | TQ02-43 | |
| 科图分类: | ||
| 主题词: | 化工过程:物理过程 , 化工过程:物理化学过程 , 化工过程 | |
| 电子资源: | ||
| ISBN: | 7-5025-2118-6 | |
| 000 | 00620nam0 2200229 45 | |
| 001 | 0237563624 | |
| 005 | 20081027145652.70 | |
| 010 | @a7-5025-2118-6@dRMB 29.00 | |
| 100 | @a20020415d1998 km y0chiy0120 ea | |
| 101 | 0 | @achi |
| 102 | @aCN@b110000 | |
| 200 | 1 | @a化工原理@AHua Gong Yuan Li@f王志魁主编@FWang Zhi Kui Zhu Bian |
| 205 | @a2版 | |
| 210 | @a北京@c化学工业出版社@d1998.10 | |
| 215 | @a327页@d26cm | |
| 606 | 0 | @a化工过程:物理过程 |
| 606 | 0 | @a化工过程:物理化学过程 |
| 606 | 0 | @a化工过程 |
| 690 | @aTQ02-43@v3 | |
| 701 | 0 | @a王志魁@AWang Zhi Kui@4主编 |
| 801 | 0 | @aCN@c20081027 |
| 905 | @dTQ02-43@eW463 | |
| 化工原理/王志魁主编.-2版.-北京:化学工业出版社,1998.10 |
| 327页;26cm |
| ISBN 7-5025-2118-6:RMB 29.00 |
| ● |
| 相关链接 |
|
|
|
正题名:化工原理
索取号:TQ02-43/W463
 
预约/预借
| 序号 | 登录号 | 条形码 | 馆藏地/架位号 | 状态 | 备注 |
| 1 | 353688 | 203536888 | 自科库501/501自科库 137排8列1层/ [索取号:TQ02-43/W463] | 在馆 | |
| 2 | 353689 | 203536897 | 自科库501/501自科库 137排8列1层/ [索取号:TQ02-43/W463] | 在馆 | |
| 3 | 459731 | 204597310 | 自科库501/501自科库 137排8列1层/ [索取号:TQ02-43/W463] | 在馆 |